LEADER 02494nam 2200601 a 450 001 9910144679403321 005 20210416101109.0 010 $a1-282-12289-4 010 $a9786612122897 010 $a0-470-69668-0 010 $a0-470-69592-7 035 $a(CKB)1000000000687971 035 $a(EBL)470398 035 $a(OCoLC)536143994 035 $a(SSID)ssj0000353997 035 $a(PQKBManifestationID)11256469 035 $a(PQKBTitleCode)TC0000353997 035 $a(PQKBWorkID)10319242 035 $a(PQKB)11623420 035 $a(MiAaPQ)EBC470398 035 $a(EXLCZ)991000000000687971 100 $a20070702d2008 uy 0 101 0 $aeng 135 $aur|n|---||||| 181 $ctxt 182 $cc 183 $acr 200 00$aChildren's learning in a digital world$b[electronic resource] /$fedited by Teena Willougby and Eileen Wood 210 $aMalden, Mass. $cBlackwell Pub. Ltd$d2008 215 $a1 online resource (322 p.) 300 $aDescription based upon print version of record. 311 $a1-4051-6207-4 320 $aIncludes bibliographical references and index. 327 $apt. 1. Informal learning with technologies : opportunities and challenges -- pt. 2. Formal learning with technologies : opportunities and challenges. 330 $aChildren's Learning in a Digital World presents exciting and challenging new ideas from international scholars on the impact of computers, the Internet, and video games on children's learning. Features exciting new research which reassesses the threats posed by technology to the social, emotional, and physical development of children Examines the impact of technology in both formal and informal learning contexts, covering a range of technologies relevant to students and researchers, as well as professional educators Presents key information on the social 606 $aComputer-assisted instruction 606 $aEducational technology 606 $aInternet in education 608 $aElectronic books. 615 0$aComputer-assisted instruction. 615 0$aEducational technology. 615 0$aInternet in education. 676 $a371.334 686 $a81.68$2bcl 701 $aWilloughby$b Teena$f1955-$0912349 701 $aWood$b Eileen$f1960-$0912350 801 0$bMiAaPQ 801 1$bMiAaPQ 801 2$bMiAaPQ 906 $aBOOK 912 $a9910144679403321 996 $aChildren's learning in a digital world$92043111 997 $aUNINA LEADER 01372nas 2200433- 450 001 9910313045503321 005 20230928213017.0 035 $a(OCoLC)1004545399 035 $a(CKB)4100000007261243 035 $a(CONSER)--2023242037 035 $a(EXLCZ)994100000007261243 100 $a19820919a19279999 --- - 101 0 $aspa 135 $aur||||||||||| 181 $ctxt$2rdacontent 182 $cc$2rdamedia 183 $acr$2rdacarrier 200 10$aAnales de la Facultad de Ciencias Médicas 210 1$aAsuncion :$cUniversidad Nacional De Asuncion, Facultad De Ciencias Medicas 215 $a1 online resource 300 $aRefereed/Peer-reviewed 311 08$a1816-8949 517 3 $aAnales de la Facultad de Ciencias Médicas, Universidad Nacional de Asunción 531 1 $aAn. Fac. Cienc. Méd. 606 $aMedicine$vPeriodicals 606 $aMedicine$zParaguay$vPeriodicals 606 $aMedicine$2fast$3(OCoLC)fst01014893 607 $aParaguay$2fast 608 $aPeriodicals.$2fast 608 $aPeriodicals.$2lcgft 615 0$aMedicine 615 0$aMedicine 615 7$aMedicine. 676 $a306 712 02$aUniversidad Nacional de Asunción.$bFacultad de Ciencias Médicas, 906 $aJOURNAL 912 $a9910313045503321 996 $aAnales de la Facultad de Ciencias Médicas$93399638 997 $aUNINA